000
00273nam a22001097a 4500
008
160520b xxu||||| |||| 00| 0 eng d
020
_a
1562053698
041
_a
eng
080
_a
003.2
245
_a
New riders; guide to e-mail and messaging;
_c
Larry Morris;
942
_2
udc
_c
BK
999
_c
2283
_d
2283